Axiomatique des fonctions harmoniques /
Guardado en:
| Autor Principal: | |
|---|---|
| Formato: | Libro |
| Idioma: | French |
| Publicado: |
Montréal :
Presses de l'Université de Montréal,
1966.
|
| Series: | Séminaire de mathématiques supérieures ;
14 |
| Etiquetas: |
Agregar Etiqueta
Sin Etiquetas, Sea el primero en etiquetar este registro!
|
| LEADER | 00880nam a22002055 4500 | ||
|---|---|---|---|
| 001 | MAT.inmabb001945 | ||
| 008 | 040110s1966####quc######b####000#0#fre#d | ||
| 005 | 20160808180852.0 | ||
| 245 | 1 | 0 | |a Axiomatique des fonctions harmoniques / |c par Marcel Brelot. |
| 260 | |a Montréal : |b Presses de l'Université de Montréal, |c 1966. | ||
| 300 | |a 140 p. ; |c 28 cm. | ||
| 440 | 0 | |a Séminaire de mathématiques supérieures ; |v 14 | |
| 500 | |a Cab. de portada: Université de Montréal. Département de mathématiques. | ||
| 500 | |a "Notes du cours donné ... à la 4e session du Séminaire de mathématiques supérieures de l'Université de Montréal, tenu l'été 1965." | ||
| 504 | |a Bibliografía: p. [135]-140. | ||
| 510 | 4 | |a MR, |c 40 #393 |3 (para la 2ª ed.) | |
| 100 | 1 | |a Brelot, M. |q (Marcel), |d 1903- | |
| 084 | |a 31D05 |2 msc2000 | ||
| 010 | |a 68083046 | ||
| 859 | |h 31 |i B835 |p A-2939 |b BIB. MATEMATICA | ||
